<?xml version="1.0" encoding="UTF-8"?>
<record
    xmlns:xsi="http://www.w3.org/2001/XMLSchema-instance"
    xsi:schemaLocation="http://www.loc.gov/MARC21/slim http://www.loc.gov/standards/marcxml/schema/MARC21slim.xsd"
    xmlns="http://www.loc.gov/MARC21/slim">

  <leader>00758nam a2200217Ia 4500</leader>
  <datafield tag="999" ind1=" " ind2=" ">
    <subfield code="c">36366</subfield>
    <subfield code="d">36366</subfield>
  </datafield>
  <controlfield tag="001">2278</controlfield>
  <controlfield tag="003">GE_BSU</controlfield>
  <controlfield tag="005">20190430123530.0</controlfield>
  <controlfield tag="008">181216s2007||||ge |||||||||||||| ||geo||</controlfield>
  <datafield tag="020" ind1=" " ind2=" ">
    <subfield code="a">9789941000089</subfield>
  </datafield>
  <datafield tag="040" ind1=" " ind2=" ">
    <subfield code="c">GE_BSU</subfield>
  </datafield>
  <datafield tag="041" ind1=" " ind2=" ">
    <subfield code="a">geo</subfield>
  </datafield>
  <datafield tag="080" ind1=" " ind2=" ">
    <subfield code="a">616.8(075.8) &#x10DB;&#x2013;59</subfield>
  </datafield>
  <datafield tag="100" ind1=" " ind2=" ">
    <subfield code="a">&#x10DB;&#x10D4;&#x10E2;&#x10E0;&#x10D4;&#x10D5;&#x10D4;&#x10DA;&#x10D8;, &#x10DA;&#x10D4;&#x10D5;&#x10D0;&#x10DC;</subfield>
    <subfield code="9">537</subfield>
  </datafield>
  <datafield tag="245" ind1=" " ind2=" ">
    <subfield code="a">&#x10E4;&#x10E3;&#x10DC;&#x10E5;&#x10EA;&#x10D8;&#x10E3;&#x10E0;&#x10D8; &#x10DC;&#x10D4;&#x10D8;&#x10E0;&#x10DD;&#x10D0;&#x10DC;&#x10D0;&#x10E2;&#x10DD;&#x10DB;&#x10D8;&#x10D8;&#x10E1; &#x10E1;&#x10D0;&#x10E4;&#x10E3;&#x10EB;&#x10D5;&#x10DA;&#x10D4;&#x10D1;&#x10D8; /</subfield>
    <subfield code="b">&#x10D5;&#x10E3;&#x10EB;&#x10E6;&#x10D5;&#x10DC;&#x10D8; &#x10E9;&#x10D4;&#x10DB; &#x10D5;&#x10D0;&#x10DF;&#x10D8;&#x10E8;&#x10D5;&#x10D8;&#x10DA; &#x10DB;&#x10D8;&#x10EE;&#x10D4;&#x10D8;&#x10DA;&#x10E1; :</subfield>
  </datafield>
  <datafield tag="264" ind1=" " ind2=" ">
    <subfield code="a">&#x10D7;&#x10D1;&#x10D8;&#x10DA;&#x10D8;&#x10E1;&#x10D8;,</subfield>
    <subfield code="c">2007.</subfield>
  </datafield>
  <datafield tag="300" ind1=" " ind2=" ">
    <subfield code="a">369&#x10D2;&#x10D5;.;</subfield>
    <subfield code="b">28&#x10E1;&#x10DB;.</subfield>
  </datafield>
  <datafield tag="653" ind1=" " ind2=" ">
    <subfield code="a">&#x10DB;&#x10D4;&#x10D3;&#x10D8;&#x10EA;&#x10D8;&#x10DC;&#x10D0;</subfield>
  </datafield>
  <datafield tag="653" ind1=" " ind2=" ">
    <subfield code="a">&#x10DC;&#x10D4;&#x10D8;&#x10E0;&#x10DD;&#x10D0;&#x10DC;&#x10D0;&#x10E2;&#x10DD;&#x10DB;&#x10D8;&#x10D0;</subfield>
  </datafield>
  <datafield tag="942" ind1=" " ind2=" ">
    <subfield code="c">BK</subfield>
    <subfield code="2">udc</subfield>
  </datafield>
  <datafield tag="952" ind1=" " ind2=" ">
    <subfield code="0">0</subfield>
    <subfield code="1">0</subfield>
    <subfield code="2">udc</subfield>
    <subfield code="4">0</subfield>
    <subfield code="6">61680758_&#x10DB;59</subfield>
    <subfield code="7">0</subfield>
    <subfield code="9">35199</subfield>
    <subfield code="a">CPL</subfield>
    <subfield code="b">CPL</subfield>
    <subfield code="c">GEN</subfield>
    <subfield code="d">2018-12-17</subfield>
    <subfield code="g">20.00</subfield>
    <subfield code="o">616.8(075.8) &#x10DB;&#x2013;59</subfield>
    <subfield code="p">3976</subfield>
    <subfield code="r">2018-12-17</subfield>
    <subfield code="t">3976</subfield>
    <subfield code="w">2018-12-17</subfield>
    <subfield code="y">BK</subfield>
    <subfield code="z">20 &#x10DA;.</subfield>
  </datafield>
  <datafield tag="952" ind1=" " ind2=" ">
    <subfield code="0">0</subfield>
    <subfield code="1">0</subfield>
    <subfield code="2">udc</subfield>
    <subfield code="4">0</subfield>
    <subfield code="6">61680758_&#x10DB;59</subfield>
    <subfield code="7">0</subfield>
    <subfield code="9">35200</subfield>
    <subfield code="a">CPL</subfield>
    <subfield code="b">CPL</subfield>
    <subfield code="c">GEN</subfield>
    <subfield code="d">2018-12-17</subfield>
    <subfield code="g">20.00</subfield>
    <subfield code="o">616.8(075.8) &#x10DB;&#x2013;59</subfield>
    <subfield code="p">3977</subfield>
    <subfield code="r">2018-12-17</subfield>
    <subfield code="t">3977</subfield>
    <subfield code="w">2018-12-17</subfield>
    <subfield code="y">BK</subfield>
    <subfield code="z">20 &#x10DA;.</subfield>
  </datafield>
  <datafield tag="952" ind1=" " ind2=" ">
    <subfield code="0">0</subfield>
    <subfield code="1">0</subfield>
    <subfield code="2">udc</subfield>
    <subfield code="4">0</subfield>
    <subfield code="6">61680758</subfield>
    <subfield code="7">0</subfield>
    <subfield code="9">35201</subfield>
    <subfield code="a">CPL</subfield>
    <subfield code="b">CPL</subfield>
    <subfield code="c">GEN</subfield>
    <subfield code="d">2018-12-17</subfield>
    <subfield code="g">20.00</subfield>
    <subfield code="o">616.8(075.8)</subfield>
    <subfield code="p">3978</subfield>
    <subfield code="r">2018-12-17</subfield>
    <subfield code="t">3978</subfield>
    <subfield code="w">2018-12-17</subfield>
    <subfield code="y">BK</subfield>
    <subfield code="z">20 &#x10DA;.</subfield>
  </datafield>
  <datafield tag="952" ind1=" " ind2=" ">
    <subfield code="0">0</subfield>
    <subfield code="1">0</subfield>
    <subfield code="2">udc</subfield>
    <subfield code="4">0</subfield>
    <subfield code="6">61680758_&#x10DB;59</subfield>
    <subfield code="7">0</subfield>
    <subfield code="9">35202</subfield>
    <subfield code="a">CPL</subfield>
    <subfield code="b">CPL</subfield>
    <subfield code="c">GEN</subfield>
    <subfield code="d">2018-12-17</subfield>
    <subfield code="g">20.00</subfield>
    <subfield code="o">616.8(075.8) &#x10DB;&#x2013;59</subfield>
    <subfield code="p">3979</subfield>
    <subfield code="r">2018-12-17</subfield>
    <subfield code="t">3979</subfield>
    <subfield code="w">2018-12-17</subfield>
    <subfield code="y">BK</subfield>
    <subfield code="z">20 &#x10DA;.</subfield>
  </datafield>
  <datafield tag="952" ind1=" " ind2=" ">
    <subfield code="0">0</subfield>
    <subfield code="1">0</subfield>
    <subfield code="2">udc</subfield>
    <subfield code="4">0</subfield>
    <subfield code="6">61680758_&#x10DB;59</subfield>
    <subfield code="7">0</subfield>
    <subfield code="9">35203</subfield>
    <subfield code="a">CPL</subfield>
    <subfield code="b">CPL</subfield>
    <subfield code="c">GEN</subfield>
    <subfield code="d">2018-12-17</subfield>
    <subfield code="g">20.00</subfield>
    <subfield code="o">616.8(075.8) &#x10DB;&#x2013;59</subfield>
    <subfield code="p">3980</subfield>
    <subfield code="r">2018-12-17</subfield>
    <subfield code="t">3980</subfield>
    <subfield code="w">2018-12-17</subfield>
    <subfield code="y">BK</subfield>
    <subfield code="z">20 &#x10DA;.</subfield>
  </datafield>
</record>
